000 00786nam a2200229Ia 4500
003 OSt
005 20220925202821.0
006 a|||||r|||| 00| 0
007 ta
008 220923b |||||||| |||| 00| 0 eng d
037 _cGeneral Book
040 _aRTL
_cRTL
_beng
041 _2eng
_aeng
082 _aX62.1,hN60.2.N8, M8/Th
245 0 _aIDA and developing countries with special referenc
260 _aDelhi
_bUniversity of Delhi
_c1988
300 _a137p Bibliography: P 137
_ccm.
490 _aUniversity of Delhi, Commerce and Business (Faculty of-), Dissertation. Dissertation, University of Delhi, Commerce and Business (Faculty of-
650 _aBANKS
_9233379
942 _hX62.1,hN60.2.N8, M8/Th
_cGB
_2CC
999 _c544187
_d544187